000 00415nam a2200145Ia 4500
008 130318s9999 xx 000 0 und d
020 _a3540506950
082 _a005 BIT/S
100 _aBittanti, Sergio Ed.
245 _aSoftware reliability modeling and identification. Vol 341
260 _bSpringer
_aBerlin
_c1988
300 _a209
440 _aLecture Notes in Computer Science
650 _aSOFTWARE RELIABILITY
999 _c306
_d306